Fonctions Natives - Python - Statistiques

Statistiques générales
  • Ce quiz a été pris 67 fois
  • Le résultat moyen est 7 sur 71
Statistiques - réponses
Hint Réponse % Correct
N°53 print
65%
N°40 len
55%
N°36 int
47%
N°41 list
38%
N°25 float
35%
N°44 max
35%
N°46 min
35%
N°64 str
33%
N°55 range
29%
N°65 sum
27%
N°35 input
25%
N°8 bool
24%
N°18 dict
22%
N°1 abs
16%
N°71 __import__
16%
N°67 tuple
15%
N°59 set
13%
N°7 bin
11%
N°43 map
11%
N°62 sorted
11%
N°37 isinstance
9%
N°58 round
9%
N°21 enumerate
7%
N°50 open
7%
N°68 type
7%
N°70 zip
7%
N°16 complex
5%
N°19 dir
5%
N°22 eval
5%
N°23 exec
5%
N°24 filter
5%
N°32 help
5%
N°33 hex
5%
N°39 iter
5%
N°47 next
5%
N°52 pow
5%
N°2 aiter
4%
N°3 all
4%
N°10 bytearray
4%
N°14 classmethod
4%
N°28 getattr
4%
N°31 hash
4%
N°34 id
4%
N°56 repr
4%
N°60 setattr
4%
N°61 slice
4%
N°66 super
4%
N°4 anext
2%
N°5 any
2%
N°6 ascii
2%
N°9 breakpoint
2%
N°11 bytes
2%
N°12 callable
2%
N°13 chr
2%
N°15 compile
2%
N°17 delattr
2%
N°20 divmod
2%
N°26 format
2%
N°27 frozenset
2%
N°29 globals
2%
N°30 hasattr
2%
N°38 issubclass
2%
N°42 locals
2%
N°45 memoryview
2%
N°48 object
2%
N°49 oct
2%
N°51 ord
2%
N°54 property
2%
N°57 reversed
2%
N°63 staticmethod
2%
N°69 vars
2%
Aucun quiz correspondant
Distribution des résultats
% des personnes avec chaque résultat
Percentile par nombre de réponses
Votre historique - résultats
Vous n’avez pas pris ce quiz